LDR 00699naa#a2200205#i#450# 001 EN\\bibl\119822 005 20260417201328.5 011 ## _a1819-4036 100 ## _a20210226b2021####ek#y0engy0150####ca 102 ## _aRU 200 1# _aTHE EFFICIENCY OF USING HUMULUS LUPULUS IN RECEIVING BIOLOGICALLY ACTIVE RAW MATERIALS FROM CORN GRAIN _eJournal article 210 1# _aKrasnoyarsk _cKrasnoyarsk State Agrarian University _d2021 215 ## _a5 с. 608 ## _aJournal article _2local 675 ## _aПолеводство. 633 _z 700 #1 _aBurnatseva _gAlina Akhsarovna 700 #1 _aKhmelevskaya _gAnna Vasil'evna 700 #1 _aSatcaeva _gInna Kominternovna 700 #1 _aCherchesova _gS. K. 856 4# _avestnik.kgau.ru _u